000 00673nam a2200193Ia 4500
003 GCL
008 140319s9999 xx 000 0 ara d
040 _aGCL /
_cGCL
082 0 4 _a863.01
_bم ا
100 1 _aشوقى فهيم
245 1 0 _aاجمل رجل غريق فى العالم وقصص اخرى /
_cشوقى فهيم
700 1 _aماركيز ، جابرييل جارسيا
300 _a146 ص
490 _aالهيئة العامة للاستعلامات
_v0
650 0 4 _aالقصص الاسبانية المترجمة
650 0 4 _aالادب الاسبانى المترجم
650 0 4 _aالقصص الاسبانية القصيرة
942 _2ddc
_cBK
999 _c47064
_d47064